000 01280cam a2200349 i 4500
001 19334846
003 OSt
005 20250610111623.0
008 161014s2018 njuab 001 0 eng
010 _a 2016041383
020 _a9789352861880
040 _aDLC
_beng
_cDLC
_erda
_dDLC
042 _apcc
050 0 0 _aHD2755.5
_b.D35 2018
082 0 0 _a658.18
_bDAN/I
100 1 _aDaniels, John D.
_eauthor.
_99356
245 1 0 _aInternational business :
_benvironments & operations /
_cJohn D. Daniels, University of Miami, Lee H. Radebaugh, Brigham Young University, Daniel P. Sullivan, University of Delaware.
250 _aSixteenth Edition.
264 1 _aNew York, NY:
_bPearson,
_c[2017]
300 _axlvii, 664 pages :
_billustrations, maps ;
_c29 cm
336 _atext
_btxt
_2rdacontent
337 _aunmediated
_bn
_2rdamedia
338 _avolume
_bnc
_2rdacarrier
500 _aRevised edition of International business, 2015.
500 _aIncludes indexes.
650 0 _aInternational business enterprises.
650 0 _aInternational economic relations.
650 0 _aInvestments, Foreign.
700 1 _aRadebaugh, Lee H.,
_eauthor.
700 1 _aSullivan, Daniel P.,
_eauthor.
942 _2ddc
_cBK
_h658.18
_iDAN/I
_k658.18
_mDAN/I
999 _c44504
_d44504